Normal view
MARC view
Entry Topical Term
001 - CONTROL NUMBER
- control field: 91243
003 - CONTROL NUMBER IDENTIFIER
- control field: BDCtgAUW
005 - DATE AND TIME OF LATEST TRANSACTION
- control field: 20260308113617.0
008 - FIXED-LENGTH DATA ELEMENTS
- fixed length control field: 260308|| aca||aabn | a|a d
040 ## - CATALOGING SOURCE
- Original cataloging agency: BDCtgAUW
- Transcribing agency: BDCtgAUW
150 ## - HEADING--TOPICAL TERM
- Topical term or geographic name entry element: French grammar
670 ## - SOURCE DATA FOUND
- Source citation: Work cat.: (BDCtgAUW)16336: Hirschsprung, Nathalie. author 91242, Cosmopolite 1 = Livre de l'élève (A1), 2017.